Prešovské divadlo pod pokrievkou

Bibliographic Details
Main Author: Podmaková, Dagmar, 1953- (Author)
Format: Article
Language:Slovak
PhysicalDescription:Fotogr. 1
Subjects:

MARC

LEADER 00000nab a2200000 a 4500
001 vtls000552754
003 SK-MaSNL
005 20260303200621.0
008 120929c1995 xo 0 slo
015 |a SNBRB19rr/mm-uuuuu 
035 |a CL0552892 
040 |a SNKBUCL  |b slo  |c SNKBUCL  |e AACR2 
041 0 |a slo 
044 |a xo  |c SK 
080 |a 792(437.6):792.091.4  |2 1981 
080 |a 792.091.4  |2 1981 
100 1 |a Podmaková, Dagmar,  |d 1953-  |4 aut  |9 102787 
245 1 0 |a Prešovské divadlo pod pokrievkou  |c Dagmar Podmaková 
300 |b Fotogr. 1 
610 2 7 |a Divadlo Jonáša Záborského  |2 snkbucl  |9 29722 
651 7 |a 5407  |2 snkbucl  |9 893769 
655 7 |a články z novín a časopisov  |2 snkbucl  |9 267496 
773 0 |t Pravda  |g Roč. 5, č. 159 (11. 7. 1995), s. 5 
850 |a Slovenská národná knižnica v Martine  |a MTA001 
852 |a SNK  |b KIS3GCP 
958 |a RK 
992 |a RBX 
999 |c 2168913  |d 2170843